000 nem a22 a 4500
999 _c170731
_d170731
003 BLK
005 20220223143623.0
008 180411b bul|||||r ||||||| ||bul||
010 _aKNG00178915000
040 _aBLK
041 _aRUS
_cBUL
072 7 _2bullib
_aК
_xКраезнание
080 _aЛоции
_b656.6.052(084.4)
_x(282.243.7)
_z656.6.052(084.4)(282.243.7)
139 _aЛоцманская карта реки Дунай
_bЛ 84
245 1 0 _aЛоцманская карта реки Дунай
_bОт 1561 км (Дунафельдвар) до 1433 км (Венгерско-Югославская граница) : Масштаб 1 : 10 000
257 _aHUN
260 _bДунайская комиссия
_c1965
300 _a50 л.
_c40 см
380 _a62
650 4 _aДунав
_9178849
651 4 _aДунав
_9178849
653 _aрека Дунав
653 _aкарти
659 _aК
852 _aК 62/Л 84 к
856 4 _qpdf
856 4 _qpdf
942 _cKNG
_n0
_s1
944 _aCR
_c28.07.2015
_kВаля_Йорданова
944 _aED
_c28.07.2015
_kВаля_Йорданова
999 _d170731
999 _d170731
999 _d170731